000 00527nab a2200145Ia 4500
003 ES-SlBCS
005 20220906011049.0
008 140529s2005 xxu||||| |||| 00| 0 eng d
041 _aeng
100 1 _aMcgrath, Sean J.
_9131952
245 0 4 _aThe Facticity of Being God-Forsaken: The Young Heidegger and Luther's Theology of the Cross
_c Sean J. Mcgrath
600 1 0 _aHeidegger, Martín
_d(1889-1976)
_917559
773 0 _tAmerican Catholic Philosophical Quarterly
_gvol. 79, nº. 2, 2005, págs. 273-290
_wRev1385
942 _cAR
999 _c506236
_d506236